| 000 | 00829cam a22002653a 4500 | ||
|---|---|---|---|
| 001 | 19304 | ||
| 003 | PGUSA | ||
| 005 | 20140828083417.0 | ||
| 008 | 060917s2006||||xxu|||||s|||||000 1 eng d | ||
| 040 |
_aPGUSA _beng |
||
| 042 | _adc | ||
| 050 | 4 | _aPR | |
| 100 | 1 |
_aWilliamson, A. M. _q(Alice Muriel), _d1869-1933 |
|
| 245 | 1 | 0 |
_aSecret History Revealed By Lady Peggy O'Malley _h[electronic resource] / _cA. M. Williamson |
| 260 |
_bProject Gutenberg, _c2006 |
||
| 506 | _aPublic domain in the USA. | ||
| 516 | _aElectronic text | ||
| 653 | _aMan-woman relationships -- Fiction | ||
| 653 | _aSoldiers -- Fiction | ||
| 653 | _aYoung women -- Fiction | ||
| 700 | 1 |
_aRowe, Clarence H. _q(Clarence Herbert), _d1878-1930 |
|
| 830 | 0 |
_aProject Gutenberg _v19304 |
|
| 856 | 4 | 0 | _uhttp://www.gutenberg.org/ebooks/19304 |
| 942 | _cEB | ||
| 999 |
_c248559 _d248559 |
||